FIFA World Cup Trivia - Statistics

General Stats
  • This quiz has been taken 57 times
    16 since last reset
  • The average score is 10 of 19
Answer Stats
Question Answer % Correct
Which team won the most FIFA World Cup? Brazil
100%
Which two teams secured their titles twice in a row? Brazil
92%
Which two teams secured their titles twice in a row? Italy
92%
Which player has won the most FIFA World Cups? Pelé
92%
Where was the first ever FIFA World Cup hosted? Uruguay
92%
Which team is the only team to compete every single FIFA World Cups since 1930? Brazil
85%
Which team went in runner-up for twice in a row? Netherlands
77%
So far out of 26 countries that hosted or will host the FIFA World Cup, which is the smallest in size? Qatar
69%
And what is the time in seconds? 10.89
62%
In which year the highest scoring match in FIFA World Cup was played? 1954
46%
And which year was it? 2002
46%
And where does he come from? Egypt
23%
Who is the 'father of FIFA World Cup'? Jules Rimet
23%
Who scored the fastest goal in FIFA World Cup? Hakan Şükür
15%
Who scored the most goals in a single match in FIFA World Cup? Oleg Salenko
15%
And which two teams competed on that historical match? Switzerland
15%
And what's the score? 7-5
8%
And which two teams competed on that historical match? Austria
8%
Which player is the oldest player to play in the FIFA World Cup? Essam El-Hadary
8%
No matching quizzes found
Score Distribution
Percent of People with Each Score
Percentile by Number Answered
Your Score History
You have not taken this quiz since the last reset